Celebrate the season. (Record no. 742)

MARC details
000 -LEADER
fixed length control field 01051cas a2200361 a 4500
005 - DATE AND TIME OF LATEST TRANSACTION
control field 20260322212032.0
008 - FIXED-LENGTH DATA ELEMENTS--GENERAL INFORMATION
fixed length control field data
010 ## - LIBRARY OF CONGRESS CONTROL NUMBER
LC control number 99113392
Canceled/invalid LC control number sn 98000135
012 ## -
-- -3-7-9907120161-p-9904 11
020 ## - INTERNATIONAL STANDARD BOOK NUMBER
International Standard Book Number 0696212927
020 ## - INTERNATIONAL STANDARD BOOK NUMBER
International Standard Book Number 9780696212925
022 0# - INTERNATIONAL STANDARD SERIAL NUMBER
International Standard Serial Number 1098-0733
037 ## - SOURCE OF ACQUISITION
Source of stock number/acquisition Merdith Corp., 1716 Locust St., Des Moines, IA 50309-3023
Terms of availability {dollar}19.95
040 ## - CATALOGING SOURCE
Original cataloging agency NSDP
Transcribing agency NSDP
Modifying agency DLC
042 ## - AUTHENTICATION CODE
Authentication code lc
-- lc
050 00 - LIBRARY OF CONGRESS CALL NUMBER
Classification number TT900.C4
Item number C35
082 00 - DEWEY DECIMAL CLASSIFICATION NUMBER
Classification number 745.594/12
Edition information 21
092 ## - LOCALLY ASSIGNED DEWEY CALL NUMBER (OCLC)
Classification number 745.59 C35 2001
001 - CONTROL NUMBER
control field data
210 0# - ABBREVIATED TITLE
Abbreviated title Celebr. season
222 #0 - KEY TITLE
Key title Celebrate the season
245 10 - TITLE STATEMENT
Title Celebrate the season.
246 1# - VARYING FORM OF TITLE
Display text At head of title:
Title proper/short title Better homes and gardens
250 ## - EDITION STATEMENT
Edition statement 2001
260 ## - PUBLICATION, DISTRIBUTION, ETC.
Place of publication, distribution, etc. Des Moines, Iowa :
Name of publisher, distributor, etc. Better Homes and Gardens Books,
Date of publication, distribution, etc. c1998-
300 ## - PHYSICAL DESCRIPTION
Extent 160 p.
Other physical details ill. ;
Dimensions 26 cm.
310 ## - CURRENT PUBLICATION FREQUENCY
Current publication frequency Annual
362 0# - DATES OF PUBLICATION AND/OR SEQUENTIAL DESIGNATION
Dates of publication and/or sequential designation 1998-
590 ## - LOCAL NOTE (RLIN)
Local note SERBIB/SERLOC merged record
650 #0 - SUBJECT ADDED ENTRY--TOPICAL TERM
Topical term or geographic name entry element Christmas decorations
Form subdivision Periodicals.
650 #0 - SUBJECT ADDED ENTRY--TOPICAL TERM
Topical term or geographic name entry element Handicraft
Form subdivision Periodicals.
650 #0 - SUBJECT ADDED ENTRY--TOPICAL TERM
Topical term or geographic name entry element Christmas cookery
Form subdivision Periodicals.
Holdings
Withdrawn status Lost status Damaged status Not for loan Home library Current library Shelving location Date acquired Total checkouts Full call number Barcode Date last seen Price effective from Koha item type
        Centerville Centerville General stacks 22/03/2026   745.594/12 21 BC0010761 22/03/2026 22/03/2026 Books